<?xml version="1.0" encoding="UTF-8"?>
<record
    xmlns:xsi="http://www.w3.org/2001/XMLSchema-instance"
    xsi:schemaLocation="http://www.loc.gov/MARC21/slim http://www.loc.gov/standards/marcxml/schema/MARC21slim.xsd"
    xmlns="http://www.loc.gov/MARC21/slim">

  <leader>00747nam2a22002171  4500</leader>
  <controlfield tag="001">RU\NLR\A1SV\100965</controlfield>
  <controlfield tag="005">20251203152403.2</controlfield>
  <datafield tag="035" ind1=" " ind2=" ">
    <subfield code="a">(NLR Aleph) 009782318</subfield>
  </datafield>
  <datafield tag="090" ind1=" " ind2=" ">
    <subfield code="a">13485714</subfield>
    <subfield code="c">13485714</subfield>
  </datafield>
  <datafield tag="100" ind1=" " ind2=" ">
    <subfield code="a">20100208d1926    u  y0rusy50      ca</subfield>
  </datafield>
  <datafield tag="101" ind1="0" ind2=" ">
    <subfield code="a">rus</subfield>
  </datafield>
  <datafield tag="200" ind1="0" ind2=" ">
    <subfield code="a">&#x412;&#x44B;&#x43F;.4</subfield>
  </datafield>
  <datafield tag="210" ind1=" " ind2=" ">
    <subfield code="d">1926</subfield>
  </datafield>
  <datafield tag="215" ind1=" " ind2=" ">
    <subfield code="a">7 &#x441;.</subfield>
  </datafield>
  <datafield tag="461" ind1=" " ind2="1">
    <subfield code="1">001RU\NLR\A1SV\100962</subfield>
    <subfield code="1">2000#$a&#x41F;&#x440;&#x43E;&#x435;&#x43A;&#x442;&#x44B; &#x441;&#x442;&#x430;&#x43D;&#x434;&#x430;&#x440;&#x442;&#x43E;&#x432;$e&#x41C;&#x435;&#x442;&#x430;&#x43B;&#x43B;$f&#x41F;&#x440;&#x43E;&#x43C;&#x441;&#x442;&#x430;&#x43D;&#x434;&#x430;&#x440;&#x442; &#x412;&#x421;&#x41D;&#x425; &#x421;&#x421;&#x421;&#x420;$v&#x412;&#x44B;&#x43F;.4</subfield>
    <subfield code="9">10100782</subfield>
    <subfield code="c">[&#x41C;.]</subfield>
    <subfield code="d">1926-1927</subfield>
    <subfield code="f">&#x41F;&#x440;&#x43E;&#x43C;&#x441;&#x442;&#x430;&#x43D;&#x434;&#x430;&#x440;&#x442; &#x412;&#x421;&#x41D;&#x425; &#x421;&#x421;&#x421;&#x420;</subfield>
    <subfield code="n">&#x426;&#x423;&#x41F; &#x412;&#x421;&#x41D;&#x425;</subfield>
    <subfield code="o">&#x41C;&#x435;&#x442;&#x430;&#x43B;&#x43B;</subfield>
    <subfield code="t">&#x41F;&#x440;&#x43E;&#x435;&#x43A;&#x442;&#x44B; &#x441;&#x442;&#x430;&#x43D;&#x434;&#x430;&#x440;&#x442;&#x43E;&#x432;</subfield>
    <subfield code="v">&#x412;&#x44B;&#x43F;.4</subfield>
  </datafield>
  <datafield tag="801" ind1=" " ind2="0">
    <subfield code="a">RU</subfield>
    <subfield code="b">NLR</subfield>
    <subfield code="c">20100208</subfield>
  </datafield>
  <datafield tag="852" ind1=" " ind2=" ">
    <subfield code="a">NLR</subfield>
    <subfield code="j">63/618</subfield>
  </datafield>
  <datafield tag="942" ind1=" " ind2=" ">
    <subfield code="c">BOOK</subfield>
  </datafield>
  <datafield tag="980" ind1=" " ind2=" ">
    <subfield code="a">A1SV</subfield>
  </datafield>
  <datafield tag="980" ind1=" " ind2=" ">
    <subfield code="a">NB</subfield>
  </datafield>
</record>
